Almanaque mundial 1980 : enciclopedia al día de datos útiles y conocimientos prácticos /
Guardado en:
| Formato: | Libro |
|---|---|
| Publicado: |
Panam :
Amrica,
1979
|
| Materias: | |
| Etiquetas: |
Agregar Etiqueta
Sin Etiquetas, Sea el primero en etiquetar este registro!
|
| LEADER | 00486nam a22001575a 4500 | ||
|---|---|---|---|
| 001 | CEM.cems000149 | ||
| 005 | 20060209000000.0 | ||
| 008 | 130507s1979##################000#0#####d | ||
| 003 | CEMS | ||
| 082 | 0 | 4 | |a 910.3 |
| 245 | 0 | 0 | |a Almanaque mundial 1980 : |b enciclopedia al día de datos útiles y conocimientos prácticos / |
| 260 | |a Panam : |b Amrica, |c 1979 | ||
| 300 | |a 576 | ||
| 653 | |a Almanaque mundial | ||
| 653 | |a Geografia | ||
| 859 | |a CEMS |b BIB. CEMS - 11 de abril |h 910.3 |i Al62/1980 |p 13526.85 |t Ej.1 | ||
